Score 0/20 Timer 05:00
3 Plays Today
Number Company % Correct
Taco Bell
95.2%
AT&T
88%
United States Postal Service
74.9%
AOL
71.5%
Chrysler
63.1%
Starbucks
53.7%
Cisco Systems
43.4%
Sprint
33.6%
Amtrak
29%
NBC
13.3%
Number Company % Correct
Apple
8.9%
Procter & Gamble
8.7%
Amazon.com
6.9%
Xerox
5.7%
MasterCard
3.4%
Nestle
2.6%
Samsung
1.9%
Best Buy
1.4%
Hotmail
1.4%
Palm
1.2%
Remove Ads.
Support Sporcle.
Get the best of Sporcle when you Go Orange. This ad-free experience offers more features, more stats, and more fun while also helping to support Sporcle. Thank you for becoming a member.

You're not logged in!

Compare scores with friends on all Sporcle quizzes.
OR
Log In

Show Comments

Extras

Top Quizzes Today


Score Distribution

Your Account Isn't Verified!

In order to create a playlist on Sporcle, you need to verify the email address you used during registration. Go to your Sporcle Settings to finish the process.

Report this User

Report this user for behavior that violates our Community Guidelines.

Details: